000 00813nam a2200217Ii 4500
003 JO-AjNU
005 20240113102510.0
008 230605s9999||||xx |||||||||||||| ||und||
040 _aJO-AjNU
_bara
_erda
_cJO-AjNU
041 _aara
050 1 4 _aBP155.H5
100 3 _a تاليف ابي النجا، شرف الدين موسى الحجاوي المقدسي ؛ تصحيح و تعليق عبداللطيف محمد موسىالسبكي,
_eauthor
_943455
245 0 0 _aالاقناع في فقه الامام احمد بن حنبل، الجزء 1
264 3 1 _aبيروت: دار المعرفة، 1900
300 _aم1، ج1، 412ص
336 _atext
_btxt
_2rdacontent
337 _aunmediated
_bn
_2rdamedia
338 _avolume
_bnc
_2rdacarrier
650 4 _a فقه حنبلي
_943456
942 _2lcc
_cREF
999 _c22251
_d22251